[Event "Marburg op"]
[Site "Marburg"]
[Date "2024.10.27"]
[Round "7"]
[White "Stephanblome, Felix"]
[Black "Duncker, Joachim"]
[Result "1/2-1/2"]
[WhiteElo "1991"]
[BlackElo "2093"]
[PlyCount "33"]
[EventDate "2024.10.24"]
[EventType "swiss"]
[EventRounds "7"]
[EventCountry "GER"]
[SourceTitle "CB16_2025"]
[SourceDate "2025.04.16"]
[SourceVersion "1"]
[SourceVersionDate "2025.04.16"]
[SourceQuality "1"]

1. d4 Nf6 2. c4 d6 3. Nc3 Nbd7 4. Nf3 e5 5. Bg5 Be7 6. e3 0-0 7. Bd3 Re8 8. Qc2 exd4 9. Nxd4 Ne5 10. 0-0 Nxd3 11. Qxd3 g6 12. Rfd1 Ng4 13. Bxe7 Qxe7 14. h3 Ne5 15. Qe2 c6 16. Rd2 Be6 17. b3 1/2-1/2

[Event "Marburg op"]
[Site "Marburg"]
[Date "2024.10.26"]
[Round "4"]
[White "Duncker, Joachim"]
[Black "Bahlo, Jens"]
[Result "1/2-1/2"]
[WhiteElo "2093"]
[BlackElo "1899"]
[PlyCount "86"]
[EventDate "2024.10.24"]
[EventType "swiss"]
[EventRounds "7"]
[EventCountry "GER"]
[SourceTitle "CB16_2025"]
[SourceDate "2025.04.16"]
[SourceVersion "1"]
[SourceVersionDate "2025.04.16"]
[SourceQuality "1"]

1. e4 d6 2. d4 g6 3. Nc3 Bg7 4. Nf3 Nf6 5. Be2 Nbd7 6. e5 Ng8 7. Bf4 dxe5 8. dxe5 e6 9. Qd2 Nb6 10. Qxd8+ Kxd8 11. 0-0-0+ Bd7 12. Ne4 Bh6 13. Nfg5 Ke7 14. Be3 Bc6 15. Bc5+ Ke8 16. Kb1 Bxg5 17. Nxg5 Bxg2 18. Rhg1 Bd5 19. b3 h6 20. Nh3 Nd7 21. Ba3 Ne7 22. f4 c5 23. Nf2 Bc6 24. c4 a6 25. Bd3 b6 26. Be4 Bxe4+ 27. Nxe4 Nf5 28. Rd3 Ke7 29. b4 Rhc8 30. Rgd1 Ra7 31. bxc5 Nxc5 32. Bxc5+ bxc5 33. Nd6 Nxd6 34. Rxd6 Rcc7 35. Kc2 a5 36. Rb6 a4 37. Rdb1 Kd7 38. Rb8 Ke7 39. Rh8 h5 40. Rbb8 Kd7 41. Rhd8+ Ke7 42. Re8+ Kd7 43. Red8+ Ke7 1/2-1/2

[Event "Oberliga Ost-B 2324"]
[Site "Germany"]
[Date "2024.04.13"]
[Round "10.7"]
[White "Tischendorf, Michael"]
[Black "Duncker, Joachim"]
[Result "0-1"]
[WhiteElo "2165"]
[BlackElo "2073"]
[PlyCount "70"]
[EventDate "2023.10.22"]
[EventType "team-tourn"]
[EventRounds "11"]
[EventCountry "GER"]
[SourceTitle "EXT 2025"]
[Source "ChessBase"]
[SourceDate "2024.10.14"]
[SourceVersion "1"]
[SourceVersionDate "2024.10.14"]
[SourceQuality "1"]
[WhiteTeam "Hofheim II"]
[BlackTeam "Marburg"]
[WhiteTeamCountry "GER"]
[BlackTeamCountry "GER"]

1. d4 Nf6 2. Nc3 d5 3. Bf4 e6 4. Nb5 Na6 5. e3 Be7 6. Nf3 0-0 7. Ne5 Nd7 8. Bd3 Nxe5 9. Bxe5 c6 10. Qh5 f5 11. Nc3 Nb4 12. 0-0-0 Nxd3+ 13. Rxd3 Bd7 14. f3 Bf6 15. f4 c5 16. Bxf6 Rxf6 17. Qf3 c4 18. Rd2 b5 19. Kd1 Rc8 20. Nb1 b4 21. c3 Qa5 22. a3 bxa3 23. Nxa3 Be8 24. h3 Rb8 25. Ke2 Rf7 26. Ra1 Qd8 27. g3 Rfb7 28. Nc2 a5 29. Ra3 Rxb2 30. Qf1 Rb1 31. Qg2 Rc1 32. Kf3 Bh5+ 33. g4 fxg4+ 34. hxg4 Bg6 35. Kg3 Rbb1 0-1

[Event "Oberliga Ost-B 2324"]
[Site "Germany"]
[Date "2024.02.24"]
[Round "6.8"]
[White "Duncker, Joachim"]
[Black "Kleschtschow, Juri"]
[Result "1-0"]
[WhiteElo "2074"]
[BlackElo "2110"]
[PlyCount "145"]
[EventDate "2023.10.22"]
[EventType "team-tourn"]
[EventRounds "11"]
[EventCountry "GER"]
[SourceTitle "EXT 2025"]
[Source "ChessBase"]
[SourceDate "2024.10.14"]
[SourceVersion "1"]
[SourceVersionDate "2024.10.14"]
[SourceQuality "1"]
[WhiteTeam "Marburg"]
[BlackTeam "Schoeneck"]
[WhiteTeamCountry "GER"]
[BlackTeamCountry "GER"]

1. e4 c6 2. Nc3 d5 3. d3 dxe4 4. Nxe4 Nf6 5. Qe2 e6 6. Nf3 Be7 7. h3 c5 8. g4 Nc6 9. Bg2 Nxe4 10. dxe4 e5 11. c3 Qa5 12. 0-0 Be6 13. Rd1 0-0 14. Bd2 Rfd8 15. b3 Rd7 16. c4 Qc7 17. Be1 Rad8 18. Rxd7 Qxd7 19. Bc3 f6 20. Kh2 Qd3 21. Qxd3 Rxd3 22. Rc1 Bd8 23. Ne1 Rd7 24. Bf1 Ba5 25. Bxa5 Nxa5 26. Nd3 b6 27. f4 exf4 28. Nxf4 Rd2+ 29. Kg3 Kf7 30. Ra1 Nc6 31. Nd3 Ne5 32. Nxe5+ fxe5 33. Kf3 Kf6 34. Be2 Kg5 35. Ke3 Rd4 36. h4+ Kxh4 37. Rh1+ Kg5 38. Rxh7 Rd7 39. Rh5+ Kf6 40. Rh8 Kg6 41. Rh5 Kf6 42. Rh8 Bf7 43. Rc8 Rb7 44. Rd8 Be6 45. Rh8 Bd7 46. a4 Rc7 47. Rh1 Rc8 48. Rh2 Rb8 49. Rh1 a6 50. Rf1+ Ke7 51. Rh1 Be6 52. g5 b5 53. axb5 axb5 54. Ra1 Rb7 55. Ra5 bxc4 56. Bxc4 Bxc4 57. bxc4 Rb3+ 58. Kf2 Rb1 59. Kf3 Rb3+ 60. Kg4 g6 61. Rxc5 Kd6 62. Ra5 Re3 63. Ra6+ Kc5 64. Rxg6 Rxe4+ 65. Kf5 Re1 66. Re6 Kd4 67. g6 Rf1+ 68. Kg5 e4 69. g7 e3 70. Kh6 Kxc4 71. g8Q Rh1+ 72. Kg7 Rg1+ 73. Rg6+ 1-0

[Event "Marburg op-A"]
[Site "Marburg"]
[Date "2023.10.29"]
[Round "6"]
[White "Duncker, Joachim"]
[Black "Von Bargen, Lukas"]
[Result "0-1"]
[WhiteElo "2195"]
[BlackElo "1968"]
[PlyCount "68"]
[EventDate "2023.10.26"]
[EventType "swiss"]
[EventRounds "7"]
[EventCountry "GER"]
[SourceTitle "CBM 217 Extra"]
[Source "ChessBase"]
[SourceDate "2024.01.31"]
[SourceVersion "1"]
[SourceVersionDate "2024.01.31"]
[SourceQuality "1"]

1. d4 Nf6 2. Nf3 c5 3. d5 d6 4. Nc3 e5 5. e4 a6 6. a4 Be7 7. Be2 0-0 8. 0-0 Nbd7 9. Nd2 Ne8 10. Nc4 Nb6 11. f4 Nxc4 12. Bxc4 Bf6 13. f5 Bg5 14. Qh5 Bxc1 15. Raxc1 Bd7 16. Rf3 Nf6 17. Qh4 Rb8 18. Rh3 b5 19. axb5 axb5 20. Bf1 h6 21. Nd1 Ra8 22. Nf2 Ra4 23. c4 bxc4 24. Rg3 Kh8 25. Bxc4 Qa5 26. Rgc3 Rb8 27. Ng4 Nxg4 28. Qxg4 Ra1 29. Qd1 Rxb2 30. Rf3 Rxc1 31. Qxc1 Qb4 32. Rf1 Bb5 33. f6 Qxc4 34. fxg7+ Kxg7 0-1

[Event "Oberliga Ost-B 2223"]
[Site "Germany"]
[Date "2023.02.04"]
[Round "6.7"]
[White "Duncker, Joachim"]
[Black "Barpiyeva, Gulsana"]
[Result "1/2-1/2"]
[WhiteElo "2200"]
[BlackElo "2022"]
[PlyCount "163"]
[EventDate "2022.09.18"]
[EventType "team-tourn"]
[EventRounds "11"]
[EventCountry "GER"]
[SourceTitle "EXT 2025"]
[Source "ChessBase"]
[SourceDate "2024.10.14"]
[SourceVersion "1"]
[SourceVersionDate "2024.10.14"]
[SourceQuality "1"]
[WhiteTeam "Marburg"]
[BlackTeam "Hofheim II"]
[WhiteTeamCountry "GER"]
[BlackTeamCountry "GER"]

1. e4 c5 2. Nc3 e6 3. Nge2 Nc6 4. g3 d6 5. Bg2 Nge7 6. a3 a6 7. Rb1 Rb8 8. b4 b5 9. d3 g6 10. Be3 cxb4 11. axb4 Bg7 12. Qd2 Qc7 13. 0-0 0-0 14. Bh6 Bd7 15. Bxg7 Kxg7 16. Nd1 Rfc8 17. Ne3 a5 18. Qc3+ e5 19. bxa5 Nxa5 20. Qd2 Be6 21. f4 f6 22. Rf2 Nac6 23. Rbf1 Rf8 24. g4 Qa5 25. Qc1 Nd4 26. Ng3 exf4 27. Rxf4 Rbc8 28. g5 fxg5 29. Rxf8 Rxf8 30. Rxf8 Kxf8 31. Nd5 Bxd5 32. exd5 Nef5 33. Qf1 Qc3 34. Be4 Qxc2 35. Bxf5 gxf5 36. Nxf5 Ne2+ 37. Kh1 Nf4 38. h4 Qxd3 39. Qxd3 Nxd3 40. Nxd6 b4 41. hxg5 Nf4 42. Kh2 Nxd5 43. Kg3 Kg7 44. Kf3 b3 45. Nc4 Kg6 46. Ke4 Nc3+ 47. Kd3 Na4 48. Nd2 b2 49. Kc2 Kxg5 50. Kb3 Nc5+ 51. Kxb2 Kf4 52. Kc2 Kg3 53. Kd1 Kf2 54. Nc4 h5 55. Ne5 h4 56. Ng4+ Kg3 57. Ne3 Kf3 58. Nf1 Ne4 59. Ke1 h3 60. Nh2+ Kg2 61. Ng4 Nf6 62. Ne3+ Kg1 63. Nf1 Ne4 64. Ke2 Ng5 65. Ke1 Nf3+ 66. Ke2 Ne5 67. Ke1 Nd3+ 68. Ke2 Nf4+ 69. Ke1 Ng2+ 70. Ke2 Ne3 71. Nd2 Kg2 72. Nf3 Ng4 73. Ne1+ Kg3 74. Nf3 Ne5 75. Ng5 h2 76. Ne4+ Kg2 77. Nf2 Ng4 78. Nh1 Kxh1 79. Kf1 Ne3+ 80. Kf2 Ng2 81. Kf1 Nf4 82. Kf2 1/2-1/2

[Event "Oberliga Ost-B 2223"]
[Site "Germany"]
[Date "2022.10.23"]
[Round "3.7"]
[White "Duncker, Joachim"]
[Black "Weiss, Matthias"]
[Result "1-0"]
[WhiteElo "2200"]
[BlackElo "1980"]
[PlyCount "71"]
[EventDate "2022.09.18"]
[EventType "team-tourn"]
[EventRounds "11"]
[EventCountry "GER"]
[SourceTitle "EXT 2025"]
[Source "ChessBase"]
[SourceDate "2024.10.14"]
[SourceVersion "1"]
[SourceVersionDate "2024.10.14"]
[SourceQuality "1"]
[WhiteTeam "Marburg"]
[BlackTeam "Schoeneck"]
[WhiteTeamCountry "GER"]
[BlackTeamCountry "GER"]

1. e4 c5 2. Nc3 e6 3. g3 d5 4. exd5 exd5 5. d4 Nf6 6. Bg5 Nc6 7. Bg2 cxd4 8. Nxd5 Be7 9. Bxf6 Bxf6 10. Ne2 0-0 11. 0-0 Bg4 12. h3 Bxe2 13. Qxe2 g6 14. Nxf6+ Qxf6 15. Rfe1 Rfd8 16. Qb5 Rd6 17. Re4 Rad8 18. Rae1 R8d7 19. Rf4 Qd8 20. h4 Re7 21. Rfe4 Rxe4 22. Rxe4 Qd7 23. Qe2 Kg7 24. h5 f5 25. Re8 Kf7 26. Bxc6 bxc6 27. Rh8 Kf6 28. h6 Re6 29. Qd2 Re7 30. Rf8+ Rf7 31. Rb8 Qd6 32. Re8 Re7 33. Rxe7 Kxe7 34. Qa5 Kf6 35. Qxa7 Qe5 36. Qg7+ 1-0

[Event "Oberliga Ost-B 2223"]
[Site "Germany"]
[Date "2022.09.18"]
[Round "1.7"]
[White "Vechorkin, Alexej"]
[Black "Duncker, Joachim"]
[Result "1/2-1/2"]
[WhiteElo "2084"]
[BlackElo "2200"]
[PlyCount "90"]
[EventDate "2022.09.18"]
[EventType "team-tourn"]
[EventRounds "11"]
[EventCountry "GER"]
[SourceTitle "EXT 2025"]
[Source "ChessBase"]
[SourceDate "2024.10.14"]
[SourceVersion "1"]
[SourceVersionDate "2024.10.14"]
[SourceQuality "1"]
[WhiteTeam "Heusenstamm"]
[BlackTeam "Marburg"]
[WhiteTeamCountry "GER"]
[BlackTeamCountry "GER"]

1. d4 Nf6 2. Nf3 d5 3. c4 e6 4. Nc3 Bb4 5. e3 0-0 6. Be2 dxc4 7. Bxc4 c5 8. 0-0 a6 9. a4 Nc6 10. Qd3 Qc7 11. d5 exd5 12. Nxd5 Nxd5 13. Bxd5 Ne7 14. Bc4 Bf5 15. e4 Bg4 16. Rd1 Rad8 17. Bf4 Rxd3 18. Bxc7 Rxd1+ 19. Rxd1 Nc6 20. h3 Bxf3 21. gxf3 Nd4 22. Kg2 Rc8 23. Be5 Nc6 24. f4 Rd8 25. Rd5 Rxd5 26. exd5 Nd4 27. Bc7 b5 28. axb5 axb5 29. Bf1 Bd2 30. Bb6 Bxf4 31. Bxc5 Be5 32. d6 Ne6 33. b4 f5 34. Bxb5 Kf7 35. Bc4 Kf6 36. d7 Bc7 37. Bb5 Nxc5 38. bxc5 Ke5 39. Kf3 g5 40. Ba4 h5 41. Bc2 g4+ 42. hxg4 fxg4+ 43. Kg3 Ke6+ 44. Kh4 Kxd7 45. Be4 Bf4 1/2-1/2

[Event "Oberliga Ost-B 2122"]
[Site "Germany"]
[Date "2022.05.21"]
[Round "4.5"]
[White "Lenz, Jonas"]
[Black "Duncker, Joachim"]
[Result "1-0"]
[WhiteElo "2099"]
[BlackElo "2180"]
[PlyCount "129"]
[EventDate "2021.10.10"]
[EventType "team-tourn"]
[EventRounds "11"]
[EventCountry "GER"]
[SourceTitle "EXT 2023"]
[Source "ChessBase"]
[SourceDate "2022.10.05"]
[SourceVersion "1"]
[SourceVersionDate "2022.10.05"]
[SourceQuality "1"]
[WhiteTeam "Bad Homburg"]
[BlackTeam "Marburg"]
[WhiteTeamCountry "GER"]
[BlackTeamCountry "GER"]

1. d4 Nf6 2. c4 g6 3. g3 Bg7 4. Bg2 d6 5. Nc3 0-0 6. Nf3 Nc6 7. 0-0 a6 8. b3 Rb8 9. d5 Na5 10. Bg5 b5 11. cxb5 axb5 12. Nd4 b4 13. Bxf6 exf6 14. Na4 Ba6 15. Qc2 f5 16. Rfd1 Re8 17. e3 Re7 18. Rac1 Qe8 19. Qd2 Rb7 20. Nb2 Qa8 21. Re1 Rb8 22. h4 h5 23. Nd3 Bxd3 24. Qxd3 Qa7 25. Red1 Qb6 26. Bf1 Bxd4 27. Qxd4 Qxd4 28. Rxd4 Kf8 29. Bg2 Ke8 30. Rf4 Kd8 31. Rd1 Kc8 32. Rdd4 Nb7 33. Rxb4 Nc5 34. Rxb8+ Kxb8 35. Rd4 Kb7 36. Bf1 Re4 37. Bc4 Kb6 38. b4 Nd7 39. Bd3 Re8 40. a4 Ne5 41. Be2 Re7 42. Kf1 Kb7 43. Ke1 Nd7 44. Bf3 Nb6 45. Bd1 Re5 46. Bb3 Re7 47. Kd2 Nd7 48. Bd1 Nf6 49. Bf3 Nd7 50. Kc3 Ne5 51. Be2 Nd7 52. a5 Nf6 53. Bf3 Nd7 54. Kb3 Ne5 55. Be2 Nd7 56. Ka4 Nf6 57. Bf3 Re5 58. Kb5 c6+ 59. Kc4 Ne4 60. dxc6+ Kxc6 61. Bxe4+ fxe4 62. b5+ Kc7 63. a6 Rc5+ 64. Kb4 Rc2 65. Rc4+ 1-0

[Event "Oberliga Ost-B 2122"]
[Site "Germany"]
[Date "2022.05.01"]
[Round "3.6"]
[White "Nothnagel, Markus"]
[Black "Duncker, Joachim"]
[Result "0-1"]
[WhiteElo "2202"]
[BlackElo "2180"]
[PlyCount "46"]
[EventDate "2021.10.10"]
[EventType "team-tourn"]
[EventRounds "11"]
[EventCountry "GER"]
[SourceTitle "EXT 2023"]
[Source "ChessBase"]
[SourceDate "2022.10.05"]
[SourceVersion "1"]
[SourceVersionDate "2022.10.05"]
[SourceQuality "1"]
[WhiteTeam "Griesheim"]
[BlackTeam "Marburg"]
[WhiteTeamCountry "GER"]
[BlackTeamCountry "GER"]

1. b3 e5 2. Bb2 e4 3. e3 Nf6 4. d4 d5 5. c4 c6 6. Qd2 Be7 7. Ba3 0-0 8. Bxe7 Qxe7 9. Nc3 Bf5 10. Nge2 Nbd7 11. Ng3 Bg6 12. Be2 h5 13. h4 dxc4 14. bxc4 Rad8 15. Qb2 b6 16. a4 c5 17. d5 Ne5 18. Qd2 Rfe8 19. f3 exf3 20. gxf3 Nxf3+ 21. Bxf3 Qxe3+ 22. Nge2 Qxf3 23. 0-0-0 Ne4 0-1

[Event "Oberliga Ost-B 1920"]
[Site "Germany"]
[Date "2020.02.29"]
[Round "8.5"]
[White "Duncker, Joachim"]
[Black "Minor, Samuel"]
[Result "0-1"]
[WhiteElo "2201"]
[BlackElo "2244"]
[PlyCount "58"]
[EventDate "2019.09.29"]
[EventType "team-tourn"]
[EventRounds "11"]
[EventCountry "GER"]
[SourceTitle "EXT 2023"]
[Source "ChessBase"]
[SourceDate "2022.10.05"]
[SourceVersion "1"]
[SourceVersionDate "2022.10.05"]
[SourceQuality "1"]
[WhiteTeam "Marburg"]
[BlackTeam "Wiesbaden"]
[WhiteTeamCountry "GER"]
[BlackTeamCountry "GER"]

1. e4 c5 2. Nc3 g6 3. f4 Bg7 4. Nf3 Nc6 5. Bb5 Nd4 6. 0-0 Nxb5 7. Nxb5 d5 8. e5 d4 9. d3 Nh6 10. Qe1 a5 11. a4 0-0 12. Nd2 f6 13. exf6 exf6 14. Nc4 Ra6 15. Bd2 Re6 16. Qf2 b6 17. Rae1 f5 18. Qf3 Ng4 19. Rxe6 Bxe6 20. Nbd6 Rf6 21. h3 Nh6 22. Re1 Nf7 23. Qc6 Bd7 24. Nxf7 Rxf7 25. Qd5 Kf8 26. Qd6+ Kg8 27. Qd5 Kf8 28. Qd6+ Kg8 29. Nxb6 Bf8 0-1

[Event "Oberliga Ost-B 1920"]
[Site "Germany"]
[Date "2019.12.08"]
[Round "5.5"]
[White "Duncker, Joachim"]
[Black "Kirschbaum, Gunnar"]
[Result "1-0"]
[WhiteElo "2201"]
[BlackElo "2034"]
[PlyCount "49"]
[EventDate "2019.09.29"]
[EventType "team-tourn"]
[EventRounds "11"]
[EventCountry "GER"]
[SourceTitle "EXT 2021"]
[Source "ChessBase"]
[SourceDate "2020.10.23"]
[SourceVersion "1"]
[SourceVersionDate "2020.10.23"]
[SourceQuality "1"]
[WhiteTeam "Marburg"]
[BlackTeam "Erfurt Medizin"]
[WhiteTeamCountry "GER"]
[BlackTeamCountry "GER"]

1. e4 d6 2. d4 Nf6 3. Nc3 g6 4. f4 Bg7 5. Nf3 0-0 6. a3 Na6 7. Bd3 c5 8. d5 Nc7 9. Qe2 a6 10. a4 b6 11. 0-0 Rb8 12. Re1 b5 13. axb5 axb5 14. Bxb5 Nxe4 15. Qxe4 Nxb5 16. Nxb5 Rxb5 17. Qxe7 Qxe7 18. Rxe7 Bxb2 19. Bxb2 Rxb2 20. Ng5 Rxc2 21. Raa7 Bf5 22. Nxf7 Rb8 23. h4 Bh3 24. Nh6+ Kf8 25. Re1 1-0

[Event "Oberliga Ost-B 1920"]
[Site "Germany"]
[Date "2019.11.16"]
[Round "2.4"]
[White "Akbarinia, Sayed Arash"]
[Black "Duncker, Joachim"]
[Result "1-0"]
[WhiteElo "2374"]
[BlackElo "2201"]
[PlyCount "107"]
[EventDate "2019.09.29"]
[EventType "team-tourn"]
[EventRounds "11"]
[EventCountry "GER"]
[SourceTitle "EXT 2021"]
[Source "ChessBase"]
[SourceDate "2020.10.23"]
[SourceVersion "1"]
[SourceVersionDate "2020.10.23"]
[SourceQuality "1"]
[WhiteTeam "Oberursel"]
[BlackTeam "Marburg"]
[WhiteTeamCountry "GER"]
[BlackTeamCountry "GER"]

1. d4 Nf6 2. Nf3 g6 3. c4 Bg7 4. g3 0-0 5. Bg2 d6 6. 0-0 Nc6 7. h3 a6 8. Be3 Rb8 9. Qc1 e5 10. dxe5 Nxe5 11. Nxe5 dxe5 12. Ba7 Ra8 13. Bc5 Re8 14. Rd1 Nd7 15. Nc3 Bf8 16. Ne4 Bxc5 17. Nxc5 c6 18. Qd2 Re7 19. Qb4 Qb6 20. Nxa6 Qxb4 21. Nxb4 Ra4 22. a3 Kg7 23. b3 Ra8 24. Nc2 Nc5 25. b4 Bf5 26. Ne3 Na4 27. Nxf5+ gxf5 28. Rd2 e4 29. e3 Nb6 30. Bf1 Nd7 31. c5 Ne5 32. Kg2 h5 33. Be2 h4 34. gxh4 f4 35. exf4 Ng6 36. Kg3 e3 37. Rd4 exf2 38. Kxf2 Nxh4 39. Bd3 Kf6 40. Rd6+ Re6 41. Rxe6+ fxe6 42. Bc2 Nf5 43. a4 Rh8 44. Ra3 Nd4 45. Be4 Rh4 46. Kg3 Rh8 47. Rd3 Ne2+ 48. Kg4 Ke7 49. b5 Rf8 50. f5 cxb5 51. axb5 Rc8 52. c6 bxc6 53. bxc6 exf5+ 54. Kxf5 1-0

[Event "Oberliga Ost-B 1920"]
[Site "Germany"]
[Date "2019.09.29"]
[Round "1.5"]
[White "Duncker, Joachim"]
[Black "Shankovsky, Andriy"]
[Result "1/2-1/2"]
[WhiteElo "2201"]
[BlackElo "2404"]
[PlyCount "67"]
[EventDate "2019.09.29"]
[EventType "team-tourn"]
[EventRounds "11"]
[EventCountry "GER"]
[SourceTitle "EXT 2021"]
[Source "ChessBase"]
[SourceDate "2020.10.23"]
[SourceVersion "1"]
[SourceVersionDate "2020.10.23"]
[SourceQuality "1"]
[WhiteTeam "Marburg"]
[BlackTeam "Bad Emstal/Wolfhagen"]
[WhiteTeamCountry "GER"]
[BlackTeamCountry "GER"]

1. e4 c5 2. Nc3 e6 3. Nge2 Nc6 4. g3 Nf6 5. Bg2 Be7 6. 0-0 0-0 7. h3 a6 8. d3 d5 9. exd5 Nxd5 10. Nxd5 exd5 11. Nf4 d4 12. Re1 Bd6 13. a3 Rb8 14. Nd5 Be6 15. Qh5 Qd7 16. Be4 f5 17. Nb6 Qf7 18. Qxf7+ Kxf7 19. Bg2 Rfd8 20. Bg5 Re8 21. Rxe6 Rxe6 22. Bd5 Rbe8 23. Re1 h6 24. Nc8 Be5 25. Bxe6+ Rxe6 26. Bf4 Bxf4 27. Rxe6 Kxe6 28. gxf4 g5 29. fxg5 hxg5 30. f4 gxf4 31. Nb6 Ne5 32. Kf2 Ng6 33. a4 Nh4 34. Nc4 1/2-1/2

[Event "Oberliga Ost-B 1819"]
[Site "Germany"]
[Date "2019.03.23"]
[Round "8.5"]
[White "Hellwig, Tobias"]
[Black "Duncker, Joachim"]
[Result "1/2-1/2"]
[WhiteElo "2187"]
[BlackElo "2199"]
[PlyCount "91"]
[EventDate "2018.10.21"]
[EventType "team-tourn"]
[EventRounds "11"]
[EventCountry "GER"]
[SourceTitle "EXT 2020"]
[Source "ChessBase"]
[SourceDate "2019.10.17"]
[SourceVersion "1"]
[SourceVersionDate "2019.10.17"]
[SourceQuality "1"]
[WhiteTeam "Sangerhausen"]
[BlackTeam "Marburg"]
[WhiteTeamCountry "GER"]
[BlackTeamCountry "GER"]

1. d4 Nf6 2. c4 g6 3. Nc3 Bg7 4. e4 d6 5. f3 0-0 6. Be3 Nc6 7. Qd2 a6 8. Nge2 Rb8 9. Nc1 e5 10. d5 Nd4 11. N1e2 Nxe2 12. Bxe2 Ne8 13. g4 Qh4+ 14. Bf2 Qh6 15. g5 Qh3 16. Qe3 c5 17. Bf1 Qd7 18. h4 b5 19. b3 bxc4 20. Bxc4 f6 21. h5 fxg5 22. hxg6 h6 23. 0-0-0 Rf6 24. Qd3 Nc7 25. Bxc5 Nb5 26. Bg1 Qc7 27. Kb2 Qa5 28. Rc1 Bd7 29. Rh2 Rbf8 30. Bxb5 axb5 31. Rf2 g4 32. Rcf1 b4 33. Ne2 Bb5 34. Qe3 Qa3+ 35. Kb1 Ra8 36. Qd2 g3 37. Nxg3 Bxf1 38. Rxf1 Qa6 39. Rf2 Rxg6 40. Bh2 Qa7 41. Nf5 Kh7 42. Re2 Qa6 43. Ne7 Rf6 44. Nf5 Rf7 45. Bg1 Rc8 46. Be3 1/2-1/2

[Event "Oberliga Ost-B 1819"]
[Site "Germany"]
[Date "2018.12.15"]
[Round "4.4"]
[White "Duncker, Joachim"]
[Black "Nehmert, Ulrich"]
[Result "0-1"]
[WhiteElo "2199"]
[BlackElo "2218"]
[PlyCount "70"]
[EventDate "2018.10.21"]
[EventType "team-tourn"]
[EventRounds "11"]
[EventCountry "GER"]
[SourceTitle "EXT 2020"]
[Source "ChessBase"]
[SourceDate "2019.10.17"]
[SourceVersion "1"]
[SourceVersionDate "2019.10.17"]
[SourceQuality "1"]
[WhiteTeam "Marburg"]
[BlackTeam "Wiesbaden"]
[WhiteTeamCountry "GER"]
[BlackTeamCountry "GER"]

1. e4 c5 2. Nc3 e6 3. g3 g6 4. Bg2 Bg7 5. Nge2 Nc6 6. 0-0 Nge7 7. a3 0-0 8. Rb1 Nd4 9. b4 cxb4 10. axb4 d6 11. Nxd4 Bxd4 12. Nb5 Bg7 13. Bb2 Bxb2 14. Rxb2 e5 15. d4 Qb6 16. c4 a6 17. dxe5 axb5 18. exd6 bxc4 19. dxe7 Re8 20. Qc1 Be6 21. Kh1 Rxe7 22. f4 f6 23. f5 gxf5 24. exf5 Bf7 25. Qh6 Rae8 26. Rbb1 Re2 27. Rg1 Rxg2 28. Rxg2 Bd5 29. Qd2 Qc6 30. b5 c3 31. Qf2 c2 32. Rc1 Qxb5 33. Qxc2 Qe2 34. Qxe2 Rxe2 35. Rcg1 b5 0-1

[Event "Oberliga Ost-B 1718"]
[Site "Germany"]
[Date "2018.03.18"]
[Round "9.6"]
[White "Wiemers, Holger"]
[Black "Duncker, Joachim"]
[Result "1-0"]
[WhiteElo "1975"]
[BlackElo "2243"]
[PlyCount "81"]
[EventDate "2017.10.22"]
[EventType "team-tourn"]
[EventRounds "11"]
[EventCountry "GER"]
[SourceTitle "EXT 2019"]
[Source "ChessBase"]
[SourceDate "2018.10.10"]
[SourceVersion "1"]
[SourceVersionDate "2018.10.10"]
[SourceQuality "1"]
[WhiteTeam "Erfurt Empor"]
[BlackTeam "Marburg"]
[WhiteTeamCountry "GER"]
[BlackTeamCountry "GER"]

1. d4 Nf6 2. Nf3 d5 3. e3 e6 4. Bd3 b6 5. b3 Bb7 6. Bb2 Bd6 7. Nbd2 0-0 8. 0-0 c5 9. Ne5 Nc6 10. a3 Rc8 11. f4 Ne7 12. Qf3 b5 13. dxc5 Bxc5 14. Bd4 Bxd4 15. exd4 Nf5 16. Bxf5 exf5 17. Qd3 Ne4 18. Rfc1 f6 19. Nef3 Qd6 20. g3 Rc3 21. Qe2 Rfc8 22. Ne1 R3c7 23. Ndf3 Nc3 24. Qd3 Re8 25. Kf1 Qe6 26. b4 Qc8 27. Nd2 Rce7 28. Ng2 Ne4 29. Nb3 Qc4 30. Nc5 Nxc5 31. bxc5 Re4 32. Re1 Bc6 33. Rxe4 Qxd3+ 34. cxd3 dxe4 35. dxe4 Rxe4 36. Rd1 Bd5 37. Kf2 Re7 38. Ne3 Be4 39. d5 Rb7 40. c6 Rb8 41. c7 1-0

[Event "Oberliga Ost-B 1718"]
[Site "Germany"]
[Date "2017.12.10"]
[Round "4.5"]
[White "George, Tom"]
[Black "Duncker, Joachim"]
[Result "0-1"]
[WhiteElo "2205"]
[BlackElo "2243"]
[PlyCount "172"]
[EventDate "2017.10.22"]
[EventType "team-tourn"]
[EventRounds "11"]
[EventCountry "GER"]
[SourceTitle "EXT 2019"]
[Source "ChessBase"]
[SourceDate "2018.10.10"]
[SourceVersion "1"]
[SourceVersionDate "2018.10.10"]
[SourceQuality "1"]
[WhiteTeam "Stadtilm Blau Weiss"]
[BlackTeam "Marburg"]
[WhiteTeamCountry "GER"]
[BlackTeamCountry "GER"]

1. e4 d5 2. exd5 Nf6 3. Nf3 Qxd5 4. Nc3 Qa5 5. d4 Bf5 6. Ne5 c6 7. Bc4 Bg6 8. 0-0 Nbd7 9. Qe2 e6 10. Bd2 Qc7 11. f4 0-0-0 12. Bd3 Nxe5 13. fxe5 Bxd3 14. Qxd3 Ng4 15. Ne2 f5 16. Qb3 Qd7 17. h3 Nh6 18. Bxh6 gxh6 19. Rad1 Qd5 20. c4 Qe4 21. Qd3 Qxd3 22. Rxd3 Bc5 23. Rfd1 Bb6 24. Nf4 Rhe8 25. Kh2 Bc7 26. b4 b6 27. c5 Rd7 28. Kg3 Bd8 29. Kf3 Bg5 30. Ne2 h5 31. a4 Red8 32. Nf4 Bxf4 33. Kxf4 bxc5 34. bxc5 Rg8 35. Rg3 Rxg3 36. Kxg3 Rg7+ 37. Kf2 h4 38. Rd3 Rb7 39. Rf3 Rb2+ 40. Kf1 Rb4 41. Rf4 Rxa4 42. Rxh4 h5 43. Rxh5 Rxd4 44. Rh6 Rf4+ 45. Ke2 Re4+ 46. Kd3 Rxe5 47. g4 fxg4 48. hxg4 a5 49. Kc4 Re4+ 50. Kb3 Kb7 51. g5 Ka6 52. g6 Rg4 53. g7 Kb5 54. Rxe6 Rg3+ 55. Kb2 Rxg7 56. Re8 Rg2+ 57. Kb3 a4+ 58. Kc3 Rg3+ 59. Kb2 Kxc5 60. Re4 Kb5 61. Rh4 c5 62. Ka2 Rd3 63. Kb2 a3+ 64. Ka2 Rd4 65. Rh3 Ra4 66. Rc3 Kb4 67. Rb3+ Kc4 68. Rh3 Ra6 69. Rh4+ Kc3 70. Rh3+ Kb4 71. Rb3+ Kc4 72. Rh3 Rd6 73. Rg3 Rd2+ 74. Ka1 Rd3 75. Rg1 Kb3 76. Rh1 c4 77. Rb1+ Kc2 78. Rb6 Kd2 79. Rh6 c3 80. Rh2+ Kc1 81. Rh1+ Rd1 82. Rh2 c2 83. Ka2 Rd3 84. Ka1 Kd1 85. Rh1+ Kd2 86. Ka2 Kc3 0-1